Central Library OPAC University of Rajshahi

বড়ু চন্ডীদাসের কাব্য / (Record no. 37778)

MARC details
000 -LEADER
fixed length control field 01091nam a22002417a 4500
001 - CONTROL NUMBER
control field 37778
003 - CONTROL NUMBER IDENTIFIER
rucl marc code BD-RjUL
005 - DATE AND TIME OF LATEST TRANSACTION
control field 20211209052643.0
008 - FIXED-LENGTH DATA ELEMENTS--GENERAL INFORMATION
fixed length control field 150629s1967 bg ||||| |||| 00| 0 ben d
020 ## - INTERNATIONAL STANDARD BOOK NUMBER
Terms of availability : PRs. 12.00
035 ## - SYSTEM CONTROL NUMBER
System control number (BD-RjUL)37883
040 ## - CATALOGING SOURCE
Original cataloging agency BD-RjUL
Language of cataloging ben
Transcribing agency BD-RjUL
041 ## - LANGUAGE CODE
Language code of text/sound track or separate title ben
082 ## - DEWEY DECIMAL CLASSIFICATION NUMBER
Classification number B 891.44109
Author mark and year BAR 1967
245 ## - TITLE STATEMENT
Title বড়ু চন্ডীদাসের কাব্য /
Statement of responsibility, etc. সম্পাদনায় মুহাম্মদ আবদুল হাই ও আনোয়ার পাশা
260 ## - PUBLICATION, DISTRIBUTION, ETC. (IMPRINT)
Place of publication, distribution, etc. ঢাকা :
Name of publisher, distributor, etc. স্টুডেন্ট ওয়েজ,
Date of publication, distribution, etc. ১৯৬৭
300 ## - PHYSICAL DESCRIPTION
Pagination ৩৮, ৩৪৪, ১৪৪ পৃ. ;
Size ২২ সেমি.
650 ## - SUBJECT ADDED ENTRY--TOPICAL TERM
Topical term or geographic name as entry element বাংলা কবিতা
Form subdivision ইতিহাস ও সমালোচনা
9 (RLIN) 117724
Topical term or geographic name as entry element Bengali Poetry
Form subdivision History and Criticism
9 (RLIN) 117725
700 ## - ADDED ENTRY--PERSONAL NAME
Personal name হাই, মুহম্মদ আবদুল, সম্পাদক
Personal name পাশা, আনোয়ার, যুগ্ম সম্পাদক
942 ## - ADDED ENTRY ELEMENTS (KOHA)
Source of classification or shelving scheme Dewey Decimal Classification
Koha item type Books
Holdings
Lost status Source of classification or shelving scheme Damaged status Not for loan Permanent Location Current Location Shelving location Date acquired Source of acquisition Cost, normal purchase price Total Checkouts Full call number Date last seen Date checked out Copy number Koha item type Collection code
  Dewey Decimal Classification     Central Library, University of Rajshahi Central Library, University of Rajshahi   11/07/1968 Nawroje 12.00 1 B 891.44109 BAR 1967 30/07/2015 25/07/2015 C-2 Books  
  Dewey Decimal Classification     Central Library, University of Rajshahi Central Library, University of Rajshahi   11/07/1968 Nawroje 12.00   B 891.44109 BAR 1967 12/01/2016   C-3 Books  
  Dewey Decimal Classification     Central Library, University of Rajshahi Central Library, University of Rajshahi   11/07/1968 Nawroje 12.00   B 891.44109 BAR 1967 16/01/2016   C-4 Books  
  Dewey Decimal Classification     Central Library, University of Rajshahi Central Library, University of Rajshahi   11/07/1968 Nawroje 12.00   B 891.44109 BAR 1967 16/01/2016   C-5 Books  
  Dewey Decimal Classification     Central Library, University of Rajshahi Central Library, University of Rajshahi   11/07/1990 Shawkat Osman, Dhaka     B 891.44109 BAR 1967 16/01/2016   C-6 Books  
  Dewey Decimal Classification     Central Library, University of Rajshahi Central Library, University of Rajshahi   11/07/1968 Nawroje 12.00   B 891.44109 BAR 1967 16/01/2016   C-7 Books  
  Dewey Decimal Classification     Central Library, University of Rajshahi Central Library, University of Rajshahi   11/07/1968 Nawroje 12.00   B 891.44109 BAR 1967 17/01/2016   C-8 Books  
  Dewey Decimal Classification     Central Library, University of Rajshahi Central Library, University of Rajshahi   04/02/2016       B 891.44109 BAR 1967 04/02/2016   C-9 Books  
  Dewey Decimal Classification     Central Library, University of Rajshahi Central Library, University of Rajshahi   11/07/1998 Nowroz 12.00 1 B 891.44109 BAR 1967 13/07/2017 08/07/2017 C-10 Books  
  Dewey Decimal Classification   Not For Loan Central Library, University of Rajshahi Central Library, University of Rajshahi Reading Room 11/07/1978 Nawroge kitabstan, Dhaka 12.00   B 891.44109 BAR 1967 20/11/2016   C-1 Books Non-fiction